[Event "EU-Cup 19th"]
[Site "Rethymno"]
[Date "2003.10.01"]
[Round "4.2"]
[White "Bologan, Viktor"]
[Black "Volkov, Sergey"]
[Result "1-0"]
[WhiteElo "2650"]
[BlackElo "2620"]
[Annotator "Bologan,V"]
[PlyCount "113"]
[EventDate "2003.09.28"]
[EventType "team-swiss"]
[EventRounds "7"]
[EventCountry "GRE"]
[SourceTitle "CBM 098"]
[Source "ChessBase"]
[SourceDate "2004.02.03"]
[SourceVersion "1"]
[SourceVersionDate "2004.02.03"]
[SourceQuality "1"]
[WhiteTeam "Kazan Ladya"]
[BlackTeam "St Petersburg"]
[WhiteTeamCountry "RUS"]
[BlackTeamCountry "RUS"]

1. e4 e6 2. d4 d5 3. Nc3 Nf6 4. e5 Nfd7 5. f4 c5 6. Nf3 cxd4 7. Nxd4 Nc6 8. Be3
Qb6 9. Qd2 Qxb2 10. Rb1 Qa3 11. Bb5 Ndb8 (11... Na5 12. f5) 12. O-O (12. f5 Bb4
13. Rb3 Qa5 14. O-O exf5 15. a3 Bxc3 16. Rxc3 O-O 17. Bxc6 Nxc6 18. Nxc6 bxc6
19. Bh6 d4 20. Qxd4 Qd8 {1/2-1/2, Dreev Alexey(2676) - Vallejo Pons Francisco
(2648), Dos Hermanas 2003 It (cat.16)}) 12... Bb4 (12... a6 13. Bxc6+ bxc6 14.
Rb3 Qa5 15. Rxb8 Rxb8 16. Nxc6 Qc7 17. Nxb8 Qxb8 18. f5 $44) 13. Rb3 Qa5 14. a3
$5 (14. Rfb1 $5 Bxc3 15. Rxc3 Bd7 16. Bxc6 bxc6 17. Nb3 Qd8 18. Bc5 Na6 19. Bd6
$44 {Sittenfeld Johan (SWE) 2220 - Stjazhkin V (RUS) 2335, Sollentuna (Sweden)
1995}) 14... Bc5 $6 (14... Bxc3 15. Rxc3 O-O 16. Bd3 (16. Bxc6 Nxc6 17. Nxc6
bxc6 18. Bc5 Re8 $13) (16. Rb1 Nxd4 17. Bxd4 Nc6 18. Bd3 Nxd4 19. Bxh7+ Kh8)
16... Nxd4 17. Bxd4 Nc6 18. Bc5 Rd8 19. Qe1 Bd7 (19... d4 {?} 20. Bxh7+ Kxh7
21. Rh3+ Kg8 22. Qh4 f5 23. Qh7+ Kf7 24. Rg3 $18) 20. Bd6 g6 21. Qa1 $44) 15.
Qf2 $1 Bb6 (15... Bxd4 16. Bxd4 O-O 17. Bc5 Rd8 18. Bd3) 16. f5 exf5 (16... O-O
17. fxe6 (17. f6 g6 18. Bxc6 Nxc6 19. Nxc6 bxc6 20. Qf4 Kh8 21. Rf3 Rg8) 17...
Bxe6 18. Nxe6 Bxe3 19. Qxe3 fxe6 20. Rxf8+ Kxf8 21. Qh3 $36) 17. Nxd5 Bxd4 18.
Bxd4 Be6 19. c4 Nd7 20. Bc5 $1 (20. Rg3 Nxd4 (20... g6 21. Bc3 Qd8 22. Rd3 $16)
21. Qxd4 O-O-O 22. Rxg7 (22. Ne7+ Kb8 23. Qd6+ Ka8) 22... Kb8 $14) 20... a6 21.
Bb4 $1 (21. Bb6 Nxb6 22. Nc7+ Ke7 (22... Kf8 23. Nxa8 axb5 24. Qc5+ Kg8 25.
Nxb6 bxc4 26. Rb5 Qc3 27. Na4 $16) 23. Nxa8 Nd7 (23... Nxa8 24. Qc5+) (23...
Rxa8 24. Qc5+) 24. Bxc6 bxc6 25. Nb6 Nxe5 26. Qg3 Qc5+ 27. Kh1 Kf6 28. Rbb1 g6
29. Rfe1 Re8 30. Na4 Qa5 31. Nb2 g5) 21... Qd8 22. Bd6 (22. Qg3 g6 23. Bxc6
bxc6 24. Nf6+ Nxf6 25. exf6 $13) 22... axb5 23. Nc7+ Qxc7 24. Bxc7 Bxc4 25. Rc3
$1 (25. Re3 Bxf1 (25... O-O 26. Rd1 Be6 27. Qf1 Rfc8 28. Bd6 $16) 26. Qxf1 Nd4
27. Bd6 $16) 25... O-O (25... Bxf1 26. Qxf1 b4 27. axb4 O-O 28. Qxf5 Ra1+ 29.
Kf2 Ra2+ 30. Ke1 Re2+ 31. Kf1 Rd2 32. Bd6 Ra8 33. Rc1 Nb6 34. Bc5 Nd7 35. e6
fxe6 36. Qxe6+ $16) 26. Re1 Be6 (26... g6 27. Qd2 Nc5 28. Qh6) 27. Qb2 b4 $5
28. axb4 Ra2 29. Qb1 Rfa8 30. b5 $4 (30. Rc2 Rxc2 31. Qxc2 Nxb4 32. Qb1 Nd5 33.
Qxb7 Re8 34. Bd6 Nf8 35. Ra1 $18) 30... Nd4 31. Qd3 R8a4 32. Bd6 h6 33. Rc7 (
33. Bc5 Nxc5 34. Rxc5 b6 35. Rc7 Bd5) (33. Kh1 Bd5) 33... b6 34. Qf1 (34. h3
Rb2 35. Qd1 Raa2 36. Qxd4 Rxg2+ 37. Kf1 Rh2 38. Kg1 Rag2+ 39. Kf1 Ra2 {=})
34... Kh7 (34... Nc2 35. Re2 Ra1 36. Rexc2 Rxf1+ 37. Kxf1 Ra5 38. Rb2 $14) (
34... Rb2 35. Rb1 Rd2 36. Bb4 Rda2 37. Bd6 {=}) 35. Rd1 Ne2+ 36. Kh1 Rf4 37.
Qe1 Re4 38. Qf1 Nxe5 39. Bxe5 Rxe5 40. Ra1 Rb2 41. Rb1 Rexb5 42. Rxb2 Rxb2 43.
Qa1 Ra2 44. Qb1 $11 Nd4 45. Rd7 $5 (45. Rc1 Bd5 46. Rg1 b5 47. Qd1 Ra4 {=})
45... Ra4 (45... Nc2 46. Rd1 Ne3 47. Re1 Ra3 48. Qc1 Nc4 49. Kg1 b5 50. Qb1 Nd6
{=}) 46. Rd6 b5 47. Qb2 Nb3 48. h3 Bc4 (48... Nc5 49. Qxb5 Ne4 {=}) 49. Qe5
Ra1+ $4 (49... Be6 50. Qxb5 Re4 51. Kh2 Nd4 52. Qc5 Ne2 53. Rd8 Nf4 54. Qf8 Re2
55. Kg3 Nh5+ 56. Kf3 Rb2 $11) 50. Kh2 Rf1 51. Rd8 $18 Nc1 (51... Rf2 52. Qb8
Rd2 53. Rh8+ Kg6 54. Qg3+ Kf6 55. Rg8 g6 56. Qh4+ $18) 52. Qe8 Ne2 53. Qh8+ Kg6
54. Rg8 f4 55. Qxg7+ Kf5 56. Re8 Be6 57. Qg4+ 1-0

[Event "EU-Cup 25th"]
[Site "Ohrid"]
[Date "2009.10.09"]
[Round "6.2"]
[White "Bologan, Viktor"]
[Black "Drozdovskij, Yuri"]
[Result "1-0"]
[WhiteElo "2688"]
[BlackElo "2627"]
[Annotator "Bologan,V"]
[PlyCount "87"]
[EventDate "2009.10.04"]
[EventType "team-swiss"]
[EventRounds "7"]
[EventCountry "MKD"]
[SourceTitle "CBM 133"]
[Source "ChessBase"]
[SourceDate "2009.11.19"]
[SourceVersion "1"]
[SourceVersionDate "2009.11.19"]
[SourceQuality "1"]
[WhiteTeam "Tomsk 400"]
[BlackTeam "DAN DZO & PGMB"]
[WhiteTeamCountry "RUS"]
[BlackTeamCountry "UKR"]

{It was the penultimate round of the European Club Cup and only a win in the
match could leave us some chances for the title. For the encounter we decided
that I had chances against the young grandmaster from Odessa.} 1. e4 e6 2. d4
d5 3. Nc3 Nf6 4. e5 Nfd7 5. f4 c5 6. Nf3 Nc6 7. Be3 a6 8. Qd2 b5 {A very
fashionable line, Black is trying to compensate for his lack of space on the
kingside by advancing the queenside pawns.} 9. a3 Bb7 ({More popular is} 9...
Qb6 {now due to the pressure on d4 White has to bw satisfied with} 10. Be2 cxd4
11. Nxd4 Bc5 12. Rd1 g5 $5 $146 13. g3 (13. fxg5 $5 Ndxe5 14. O-O $14) 13...
Rg8 14. Bh5 Nxd4 15. Bxd4 Bxd4 16. Qxd4 Qxd4 17. Rxd4 gxf4 18. gxf4 Ke7 $11 {
Kobalia M - Danin A, 2009 Chigorin Mem Open}) ({Another typical idea is to
attack the pawns immediately} 9... g5 10. fxg5 cxd4 11. Nxd4 Ncxe5 12. Bd3 Bg7
13. O-O O-O 14. Kh1 Bb7 15. Nce2 $1 {The knight is going to h5.} Nb6 (15...
Nxd3 16. cxd3 e5 17. Nf5 d4 18. Bf2 Nc5 19. Rae1 $14) 16. b3 Nxd3 17. cxd3 Qd6
18. Nf4 $14 {Timoshenko G - Sengupta D, 2009 1st SCS GM Open}) 10. Bd3 Be7 ({
Black can also try} 10... g5 {, but I think Bd3 is a more useful move than Bb7.
} 11. fxg5 cxd4 12. Nxd4 Ncxe5 13. O-O Bg7 14. Nce2 $1 {A typical manoeuvre.}
O-O 15. Ng3 Ng4 16. c3 Qb8 17. Bc2 Qd6 18. Bf4 Qb6 {Li Chao2 - Ding Liren ,
2009 zt 3.5 Men} 19. Nh5 $1 {} e5 20. Nxg7 exd4 21. Qxd4 Qxd4+ 22. cxd4 Kxg7
23. Bf5 $18) (10... Qc7 11. dxc5 Nxc5 12. Qf2 Nxd3+ 13. cxd3 b4 14. Bb6 Qb8 15.
Na4 Be7 16. O-O O-O 17. Bc5 $14 {Vitiugov N - Ding Liren, 2009 RUS-CHN Match
Rapid}) 11. O-O O-O {Here I decided to clarify things in the cenre. Whether
Black plays c4 or takes on d4.} 12. Qf2 (12. Kh1 $5) 12... f6 $1 {Practically
speaking the best, but initialy I underestimated the move.} (12... c4 13. Be2)
(12... cxd4 13. Nxd4 Rc8 14. Nce2 Nxd4 15. Bxd4 Nc5 16. b4 Nxd3 17. cxd3 Rc2
18. Rfc1 $16 {Garakov Mikhael - Kurnaev Vladimir, Sukhumi (Georgia) 2007}) 13.
Qh4 (13. exf6 Nxf6 (13... Bxf6 14. dxc5 Qe7 15. Rae1 Rad8 16. Re2 $16) 14. Qg3
(14. dxc5 d4 $1 {} 15. Bxd4 Ng4 16. Qg3 Nxd4 17. Qxg4 Bxf3 18. gxf3 Bxc5 19.
Kh1 Qc7) 14... c4 15. Be2 Ne4 16. Qh3 Bc8 17. Ne5 Nxc3 18. bxc3 Nxe5 19. dxe5
$14) 13... f5 14. Qf2 c4 (14... cxd4 15. Nxd4 Nxd4 16. Bxd4 Rc8 17. b4 Nb8 18.
Ne2 Nc6 19. Bb6 $14) 15. Be2 Qb6 16. h3 {White's plan is clear: to prepare g4,
then to double on the g-file, then if necessary to play h4-h5.} a5 17. b3 $1 {
From a practical point of view this is very strong, as I make my opponent's
task much more difficult now. He will have to struggle on the two sides of the
board.} Ba6 {Positionally wrong. Black shouldn't allow the knight on c3 to
stay there any longer as it exercises strong pressure on d5 as well as
controlling many important squares on the queenside.} (17... cxb3 $1 {would be
the right choice. After which White must go in for simplifications} 18. cxb3
Ba6 19. Rfc1 b4 20. axb4 axb4 21. Rxa6 Rxa6 22. Na4 Qb7 23. Bxa6 Qxa6 24. Qf1 {
with a very small edge for White which will be very difficult to exploit.}) 18.
bxc4 bxc4 19. g4 Rab8 (19... Qb2 20. Ra2 {!} Qxc3 {?} 21. Bd2 Qxa3 22. Rxa3
Bxa3 23. c3 Be7 24. Bd1 Rab8 25. gxf5 exf5 26. Qg2 $16) 20. Ra2 $1 {This move
can be met in the French quite often. The idea is not to get into
simplifications and at the same time to control the square b2.} g6 21. Kh2 Kh8
22. Rg1 Qd8 23. Qg3 Rf7 (23... a4 24. gxf5 Rxf5 25. Ng5 Bxg5 26. fxg5 Qa5 27.
Nd1 Rf7 28. Bg4 $14) 24. Nxd5 $5 {Tactics is always nice especialy when it
works. I decided to change the character of the position hoping to make use of
the new appearance of the square e5.} (24. h4 {!? would be stronger taking
into account the possible 25th intermediate move for Black}) 24... exd5 25. e6
Rf8 {Natural but not the best.} ({At Black's disposal there was a very strong
intermediate move, after which even at home I could not find any substantial
advantage for White:} 25... fxg4 $1 26. hxg4 (26. exf7 gxf3 27. f5 Nf8 28. Bxf3
Bc8 29. Qg2 Bd6+ 30. Kh1 Bxf5 $17) 26... Rf8 27. exd7 Qxd7 28. Ne5 (28. Rd1 Qc8
29. Ne5 Nxe5 30. dxe5 c3 31. Bxa6 Qxa6 32. Qf3 Bg5) 28... Nxe5 29. dxe5 d4 30.
Rd1 d3 31. cxd3 cxd3 32. Bf3 Bc4 $13) 26. exd7 Qxd7 27. Ne5 Nxe5 28. fxe5 Rb6 (
28... Qc6 29. Bh6) (28... fxg4 29. Bh6 Rfe8 30. Bxg4 $14) 29. Bh6 f4 $6 {
Panic! Black should keep his calm and try to defend the inferior position
instead of giving material away.} (29... Re8 30. gxf5 Qxf5 31. Rf1 Qe4 32. Be3
$14) 30. Bxf4 g5 31. Bc1 {Black has some compensation for the pawn, that's why
White has to be careful in the next few moves until he bring the rooks into
play.} (31. Bd2 c3 32. Bxa6 cxd2 33. Be2 Qb7 34. Qe3 Rb1 {would give Black
some chances to survive}) 31... Rb1 32. Kg2 Qc6 33. Qc3 Qg6 34. Bf3 Bb5 35. Be3
Qf7 36. Bf2 Rxg1+ 37. Bxg1 Ba4 38. Rb2 Qf4 39. Qe3 $1 {Clearing up the
situation.} (39. Bxd5 Qf1+ 40. Kh2 Qf4+ 41. Kh1 $18) 39... c3 40. Rb7 (40. Qxc3
{was good enough.}) 40... Qxe3 (40... Bxa3 41. Qxc3 Bxc2 42. Bh2 $18) 41. Bxe3
{Now the endgame is lost.} Bxa3 42. Bxg5 Bc6 43. Rc7 Ba8 44. Bf6+ 1-0

[Event "POL-ch 52nd"]
[Site "Warsaw"]
[Date "1995.??.??"]
[Round "4"]
[White "Socko, Bartosz"]
[Black "Kaminski, Marcin"]
[Result "1-0"]
[WhiteElo "2385"]
[BlackElo "2455"]
[Annotator "Bulletin"]
[PlyCount "71"]
[EventDate "1995.02.11"]
[EventType "tourn"]
[EventRounds "17"]
[EventCountry "POL"]
[EventCategory "8"]
[SourceTitle "EXT 1999"]
[Source "ChessBase"]
[SourceDate "1998.11.16"]
[SourceVersion "1"]
[SourceVersionDate "1998.11.16"]
[SourceQuality "1"]

1. e4 e6 2. d4 d5 3. Nc3 Nf6 4. e5 Nfd7 5. f4 c5 6. Nf3 Nc6 7. Be3 cxd4 8. Nxd4
Bc5 9. Qd2 O-O 10. O-O-O a6 11. h4 Bxd4 12. Bxd4 b5 13. Rh3 b4 14. Na4 Qa5 15.
b3 Nxd4 16. Qxd4 Bb7 17. c3 $1 Rfc8 18. Kb2 bxc3+ 19. Rxc3 Rxc3 20. Qxc3 Qd8 $6
21. g3 Rc8 22. Qb4 Qc7 23. Bd3 a5 24. Qd6 $1 Qxd6 25. exd6 Rc6 26. Bb5 $1 Rxd6
27. Rc1 Nb6 28. Rc7 Nxa4+ 29. bxa4 Rb6 30. Kc3 e5 31. fxe5 g5 32. e6 $1 fxe6
33. Kd4 gxh4 34. Kc5 Rxb5+ 35. axb5 d4 (35... hxg3 36. Kb6 g2 37. Rc1 Ba8 38.
Ka7 $18) 36. gxh4 1-0

[Event "Hoogovens"]
[Site "Wijk aan Zee"]
[Date "1984.01.17"]
[Round "4"]
[White "Van der Wiel, John"]
[Black "Ree, Hans"]
[Result "1-0"]
[WhiteElo "2515"]
[BlackElo "2480"]
[Annotator "Bulletin"]
[PlyCount "139"]
[EventDate "1984.01.13"]
[EventType "tourn"]
[EventRounds "13"]
[EventCountry "NED"]
[EventCategory "13"]
[SourceTitle "MCL"]
[Source "ChessBase"]
[SourceDate "1999.07.01"]
[SourceVersion "1"]
[SourceVersionDate "1999.07.01"]
[SourceQuality "1"]

1. e4 e6 2. d4 d5 3. Nc3 Nf6 4. e5 Nfd7 5. f4 c5 6. Nf3 Nc6 7. Be3 Qb6 8. Na4
Qa5+ 9. c3 cxd4 10. b4 Nxb4 11. cxb4 Bxb4+ 12. Bd2 Bxd2+ 13. Nxd2 b6 14. Kf2
Ba6 15. Nf3 d3 (15... Rc8) 16. Nb2 Nc5 17. Bxd3 Bxd3 (17... Qa3 18. Bxa6 Ne4+
19. Kf1 Qxb2 20. Qa4+ $1 Ke7 21. Qd4 Nc3 22. Re1 Qa3 23. Bb7 Rab8 24. Re3 $1
$16 Qc1+ $140 $2 25. Kf2 Qxh1 26. Qb4+ $18) 18. Nxd3 Ne4+ 19. Ke3 $1 (19. Kg1
O-O 20. h4 Rac8 $13) 19... Rc8 20. Rc1 O-O 21. Qb3 Nc3 22. Rc2 Rc4 23. Nd2 $5
d4+ 24. Kf2 Ra4 25. Nb1 $1 Nxa2 (25... Rxa2 26. Rhc1 $1 Rxc2+ 27. Rxc2 Nxb1 28.
Qxb1 $16) 26. Rd1 (26. Nb2 Rb4 27. Nc4 Qc5 28. Ncd2 Rxb3 29. Rxc5 Rxb1 $1 $19)
26... Nb4 27. Rc4 $1 Ra2+ 28. Rd2 (28. Kg1 Nd5 $1) 28... Rxd2+ 29. Nxd2 Nd5 30.
Nf3 b5 31. Rxd4 Qb6 32. Nb4 $1 (32. Kg3 a5) 32... Nxf4 33. Qe3 Ng6 34. Rd7
Qxe3+ $8 35. Kxe3 a5 36. Nc6 a4 37. Ra7 $6 $138 (37. Rb7 Ra8 38. Rxb5 a3 39.
Ra5 Rxa5 40. Nxa5 a2 41. Nb3 Ne7 42. Kd2 Nd5 $14) (37. Nfd4 $1 Ra8 38. Nxb5 a3
39. Nc3 $1 $16 Rc8 $140 40. Rd6) 37... Rc8 38. Ncd4 $2 (38. Nfd4 h6 (38... f6
39. Nxe6 $1) 39. Ke4 $16) 38... h6 39. Ra5 Rc3+ 40. Ke4 (40. Kd2 $142) 40...
Ne7 41. Nxb5 Rc2 42. Rxa4 (42. g3 Nf5 43. Rxa4 (43. Nbd4 Rc3 $1) 43... g5 $5 {
P e2+}) (42. g4 Nd5 (42... Rg2 $5)) 42... g5 (42... Rxg2 43. Ra8+ Kh7 44. Ra7
Nf5 45. Rxf7 Re2+ 46. Kf4 Rf2 47. Ra7 Kg8 48. Ra3 $16) 43. Nd6 $5 $40 Rxg2 44.
Ra8+ Kg7 45. Ne8+ Kg6 46. Nf6 {P e8} Re2+ 47. Kd3 Rb2 48. Nd4 Rxh2 (48... Rb7
49. Re8 h5 50. Kc4 $1 $16 g4 $140 (50... h4 $140 51. Nb5 $1) (50... Rc7+ $140
51. Kb5) 51. Rh8) 49. Re8 Rh3+ 50. Ke2 Rh2+ 51. Kd3 Rh3+ 52. Kc4 Re3 53. Rxe7
Rxe5 54. Nd7 Re3 55. Nc6 Re4+ $6 (55... f5 56. Nce5+ Kh5 57. Rxe6 $18) (55...
f6 $5 56. Nf8+ Kh5 57. Nxe6 Kg4 $1 $16) 56. Kd3 Rf4 57. Nd8 $1 h5 58. Nxf7 $1
g4 $8 59. Nfe5+ Kf5 60. Rf7+ Kg5 61. Rg7+ Kf5 62. Nc4 $1 $18 Rf3+ 63. Ke2 Kf4
64. Nc5 Kg3 65. Ne4+ Kh2 66. Rh7 Rh3 (66... Rf5 67. Ne3) 67. Nf2 Rh4 68. Ne3
Kg3 (68... g3 69. Nf1+ Kg2 70. Rg7 $18) 69. Ra7 $22 Kh2 70. Ra1 1-0

[Event "ROM-chT"]
[Site "Baile Tusnad"]
[Date "1997.??.??"]
[Round "?"]
[White "Iordachescu, Viorel"]
[Black "Popescu, Cristian"]
[Result "1-0"]
[WhiteElo "2485"]
[BlackElo "2300"]
[Annotator "Bulletin"]
[PlyCount "45"]
[EventDate "1997.??.??"]
[EventType "team"]
[EventRounds "5"]
[EventCountry "ROU"]
[SourceTitle "EXT 1999"]
[Source "ChessBase"]
[SourceDate "1998.11.16"]
[SourceVersion "1"]
[SourceVersionDate "1998.11.16"]
[SourceQuality "1"]

1. e4 e6 2. d4 d5 3. Nc3 Nf6 4. Bg5 Be7 5. e5 Ne4 6. Nxe4 dxe4 7. Be3 $6 (7.
Bxe7 Qxe7 8. Qe2 $16) 7... c5 8. dxc5 Nd7 9. Qg4 Qa5+ 10. c3 Bxc5 11. Qxg7 Rf8
12. Bxc5 Qxc5 13. O-O-O Qxe5 14. Qh6 Nf6 15. Rd8+ Kxd8 16. Qxf8+ Kc7 17. Nh3 e3
18. Bc4 b5 $2 (18... exf2 $132) 19. Qxf7+ Bd7 20. f4 Qe4 21. Qxf6 bxc4 22. Ng5
e2 $4 (22... Qxg2 23. Rd1 e2) 23. Nxe4 1-0

[Event "Moscow Aeroflot op-A 14th"]
[Site "Moscow"]
[Date "2015.04.04"]
[Round "9"]
[White "Inarkiev, Ernesto"]
[Black "Svane, Rasmus"]
[Result "0-1"]
[WhiteElo "2706"]
[BlackElo "2509"]
[Annotator "CB"]
[PlyCount "66"]
[EventDate "2015.03.27"]
[EventType "swiss"]
[EventRounds "9"]
[EventCountry "RUS"]
[SourceTitle "CBM 166"]
[Source "ChessBase"]
[SourceDate "2015.05.11"]
[SourceVersion "1"]
[SourceVersionDate "2015.05.11"]
[SourceQuality "1"]

1. e4 e6 2. d4 d5 3. Nc3 Nf6 4. e5 Nfd7 5. f4 c5 6. Nf3 Be7 7. Be3 b6 8. h4 Nc6
9. Ne2 O-O 10. c3 Ba6 11. g3 Rc8 12. Kf2 {Weiß vertraut darauf, dass sein
Bauernzentrum stabil genug ist, um die fehlende Koordination seiner Figuren
auszugleichen.} Qc7 13. Rc1 Qb7 14. Kg1 b5 15. dxc5 b4 {Schwarz nimmt nicht
auf c5 zurück, sondern ergreift mit einem Bauernopfer die Initiative.} 16.
cxb4 Qxb4 17. Qc2 d4 18. Nexd4 Nxd4 19. Nxd4 Bxf1 20. Rxf1 Bxc5 {Schwarz hat
einen Bauern weniger, aber die unharmonische Stellung der weißen Figuren und
die anfälligen Bauern am Damenflügel bieten ihm mehr als genug Kompensation.}
21. Qf2 Nb6 22. Nc2 Qc4 23. Bxc5 Rxc5 24. Rh2 Rfc8 25. Ne3 Qxa2 {Schwarz hat
den Bauern zurückgewonnen und steht optisch klar besser. Computerengines
sehen Schwarz hier allerdings nur leicht im Vorteil.} 26. h5 Nd5 27. h6 Rc1 28.
Nxd5 Qxd5 29. hxg7 $2 {Erst nach diesem Zug bewerten Engines die weiße
Stellung als verloren.} ({Nach} 29. Qe2 {steht Schwarz besser, aber zum Gewinn
ist es noch weit.}) 29... Qd3 $1 30. Rg2 ({Nach} 30. Qe2 Qxg3+ 31. Rg2 {
gewinnt Schwarz mit} Qxf4) 30... Qb1 {Die weißen Figuren scheinen sich
ängstlich aneinander zu klammern und stehen denkbar unharmonisch. Schwarz
droht 31...Txf1+ 32.Dxf1 Tc1 und dagegen gibt es keine adäquate Verteidigung.}
31. f5 Rxf1+ 32. Qxf1 Rc1 33. Rf2 exf5 0-1

[Event "Reggio Emilia 54th"]
[Site "Reggio Emilia"]
[Date "2012.01.04"]
[Round "8"]
[White "Nakamura, Hikaru"]
[Black "Morozevich, Alexander"]
[Result "0-1"]
[WhiteElo "2758"]
[BlackElo "2762"]
[Annotator "CB"]
[PlyCount "64"]
[EventDate "2011.12.27"]
[EventType "tourn"]
[EventRounds "10"]
[EventCountry "ITA"]
[EventCategory "20"]
[SourceTitle "CBM 146"]
[Source "ChessBase"]
[SourceDate "2012.01.18"]
[SourceVersion "1"]
[SourceVersionDate "2012.01.18"]
[SourceQuality "1"]

1. e4 e6 2. d4 d5 3. Nc3 Nf6 4. e5 Nfd7 5. f4 c5 6. Nf3 Qb6 7. Be3 Nc6 8. Qd2 (
{Die bekanntere Alternative ist} 8. Na4 Qa5+ 9. c3 cxd4 10. b4 Nxb4 11. cxb4
Bxb4+ 12. Bd2 Bxd2+ 13. Nxd2 O-O (13... b6) {z.B.:} 14. Bd3 b5 15. Nb2 Nb6 {
Mit unklarerer Situation. Ein aktuelles Beispiel:} 16. a4 Qc3 17. Qc2 Nc4 18.
Ra2 Ne3 19. Qb1 Nxg2+ 20. Kd1 b4 21. a5 Nxf4 22. Bxh7+ Kh8 23. Rf1 Qe3 24. Bd3
Qxe5 25. Kc2 Qc7+ 26. Kd1 e5 27. Qc2 Bg4+ 28. Kc1 Qd6 29. Kb1 Rac8 30. Qb3 Rc3
{0-1 (30) Gao Rui (2464)-Ding,L (2547) Hefei 2010}) 8... Qxb2 9. Rb1 Qa3 10. f5
{Sieht improvisiert aus.} ({Kamsky spielte kürzlich} 10. Bb5 Qa5 ({Eine
bessere Statistik hat gleich} 10... c4) 11. O-O c4 12. f5 {und hatte Erfolg in
einer wilden Partie nach} Nb6 (12... Bb4 $5) 13. Qe1 exf5 14. a4 Be6 15. Bd2
Bb4 16. Rxb4 Qxb4 17. Ne4 $5 (17. Nxd5 Qb2 18. Nc7+ Kd7 19. Nxa8 Rxa8 20. Bc1
Qxc2 21. Qb4 Qe4 22. Qd6+ Kc8 23. Qf8+ Kd7 24. Qd6+ $11) 17... Qb2 18. Nd6+ Kf8
19. Bc3 Qxc2 20. Nxb7 Nxa4 $2 (20... Nd8 $5) 21. Bb4+ Kg8 (21... Nxb4 22. Qxb4+
Kg8 23. Bxa4 a5 24. Nxa5 Qd3 25. Bc6 Rf8 $14) 22. Bxc6 Rc8 23. Rf2 Qb3 24. Na5
Rxc6 25. Nxc6 h6 26. Ne7+ Kh7 27. Ng5+ hxg5 28. Rf3 g6 29. Rxb3 cxb3 30. Ba3
Rb8 31. Qg3 g4 32. Qh4+ Kg7 33. Qf6+ Kh7 34. Bc1 {1-0 (34) Kamsky,G (2733)
-Akobian,V (2611) Saint Louis 2011}) ({Oder} 10. Nb5 $5 Qxa2 11. Rc1 Rb8 12.
Be2 cxd4 13. Nfxd4 Bb4 14. c3 Qxd2+ 15. Kxd2 Bc5 16. Rb1 Na5 17. Ra1 Bxd4 18.
Rxa5 Bxe3+ 19. Kxe3 a6 20. Nd6+ Ke7 {mit vermutlich zuwenig Kompensation für
die beiden Bauern.}) 10... a6 11. fxe6 fxe6 12. Be2 Be7 13. O-O O-O 14. Kh1 (
14. dxc5 Bxc5 15. Kh1 Bxe3 16. Qxe3 Qc5 $17) 14... cxd4 15. Nxd4 Ndxe5 16. Rb3
Rxf1+ 17. Bxf1 Qd6 $19 18. Nxc6 Nxc6 {Der weiße Entwicklungsvorsprung ist
zuwenig Kompensation für den Materialverlust.} 19. Na4 b5 20. Nb6 Rb8 21. Bf4
e5 22. Nxc8 Rxc8 23. Bg3 Qe6 24. Rb1 e4 25. a4 bxa4 26. Bxa6 Rf8 27. c3 a3 28.
Be2 Bd6 29. Bh4 Rb8 30. Rxb8+ Bxb8 31. Qa2 Qd6 32. Bg3 Qc5 (32... Qc5 33. Bh4
$2 Ba7 34. Qa1 a2) 0-1